Statistiques concernant Intercommunalités de la Mayenne

Cliquez ici pour prendre le quiz!

Statistiques générales

  • Ce quiz a été pris 11 fois
  • Le résultat moyen est 7 sur 9

Statistiques - réponses

Nombre de CommunesIntercommunalités% Correct
16Communauté de communes du Pays de Château-Gontier
100%
34Laval Agglomération
100%
33Mayenne Communauté
100%
15Communauté de communes de l'Ernée
82%
37Communauté de communes du Pays de Craon
73%
26Communauté de communes du Mont des Avaloirs
64%
29Communauté de communes des Coëvrons
55%
22Communauté de communes du Pays de Meslay-Grez
55%
27Communauté de communes du Bocage Mayennais
36%

Distribution des résultats

Percentile par nombre de réponses

% des personnes avec chaque résultat

Votre développement - résultats

Vous n’avez pas pris ce quiz